Hide and Seek - Countries #19 - Statistics

General Stats
  • This quiz has been taken 9 times
  • The average score is 5 of 7
Answer Stats
Answer % Correct
Cape Verde
89%
Comoros
89%
Madagascar
89%
São Tomé and Princìpe
89%
Seychelles
89%
Mauritius
67%
They're all African island nations.
33%
No matching quizzes found
Score Distribution
Percent of People with Each Score
Percentile by Number Answered
Your Score History
You have not taken this quiz